Name All the Minecraft Mobs - Statistics

General Stats
  • This quiz has been taken 113 times
    86 since last reset
  • The average score is 51 of 84
Answer Stats
Hint Answer % Correct
Passive Cow
95%
Passive Pig
91%
Hostile Skeleton
88%
Hostile Boss Wither
88%
Hostile Creeper
86%
Hostile Boss Ender Dragon
86%
Neutral Enderman
86%
Passive Sheep
86%
Hostile Zombie
86%
Passive Cat
82%
Passive Chicken
82%
Hostile Warden
80%
Neutral Wolf
80%
Passive Villager
79%
Hostile Wither Skeleton
79%
Neutral Iron Golem
77%
Passive Horse
75%
Hostile Piglin
75%
Hostile Blaze
73%
Hostile Ghast
73%
Hostile Witch
73%
Passive Donkey
70%
Passive Salmon
70%
Neutral Zombified Piglin
70%
Hostile Drowned
68%
Neutral Spider
68%
Passive Tropical Fish
68%
Passive Allay
66%
Neutral Bee
66%
Passive Cod
66%
Passive Ocelot
66%
Neutral Panda
66%
Passive Parrot
66%
Hostile Pillager
66%
Neutral Dolphin
64%
Hostile Endermite
64%
Hostile Slime
64%
Passive Axolotl
63%
Hostile Shulker
63%
Passive Snow Golem
63%
Passive Armadillo
61%
Hostile Hoglin
61%
Passive Rabbit
61%
Hostile Silverfish
61%
Passive Squid
61%
Passive Turtle
61%
Hostile Guardian
59%
Hostile Husk
59%
Hoatile Phantom
59%
Passive Pufferfish
59%
Passive Bat
57%
Hostile Elder Guardian
57%
Hostile Vex
57%
Passive Fox
55%
Passive Frog
55%
Hostile Magma Cube
55%
Hostile Zombie Villager
55%
Hostile Evoker
54%
Neutral Llama
54%
Neutral Polar Bear
54%
Hostile Ravager
54%
Passive Strider
54%
Hostile Vindicator
54%
Passive Mooshroom
52%
Passive Mule
52%
Hostile Zoglin
52%
Neutral Goat
50%
Passive Skeleton Horse
50%
Passive Wandering Trader
50%
Hostile Piglin Brute
48%
Hostile Stray
48%
Neutral Cave Spider
46%
Passive Glow Squid
46%
Passive Sniffer
46%
Passive Camel
43%
Passive Zombie Horse
39%
Hostile Breeze
38%
Hostile Bogged
34%
Hostile Chicken Jockey
34%
Passive Tadpole
34%
Hostile Spider Jockey
30%
Neutral Trader Llama
25%
Hostile Illusioner
23%
Hostile Giant
16%
No matching quizzes found
Score Distribution
Percent of People with Each Score
Percentile by Number Answered
Your Score History
You have not taken this quiz since the last reset